000 00972nam a2200265Ia 4500
003 OSt
005 20220923225205.0
006 a|||||r|||| 00| 0
007 ta
008 220922b |||||||| |||| 00| 0 hin d
024 _a259,553
037 _cTextual
040 _aARTS
_cARTS
_bhin
041 _2hin
_ahin
082 _aR66x1,1, 152N1
100 _aशंकराचार्य; मायावती, संपा.
_9161717
245 0 _aउपदेशसाहस्त्री
_b एक अध्ययन
246 _aUpadeshasāhastrī: ek adhyayana
260 _aदिल्ली
_b ईस्टर्न बुक लिंकर्स प्र0
_c1991
300 _a271पृ.
_ccm.
650 _a भारतीय दर्शन
650 _aभारतीय दर्शन
942 _hR66x1,1, 152N1
_cTEXL
_2CC
999 _c376617
_d376617